书目信息 |
| 题名: |
北京生物医药产业发展论坛
|
|
| 作者: | 雷震 主编 | |
| 分册: | 8 | |
| 出版信息: | 北京 科学出版社 2004.9 |
|
| 页数: | 328页 | |
| 开本: | 25cm | |
| 丛书名: | ||
| 单 册: | ||
| 中图分类: | F426.7-53 , TQ464-53 | |
| 科图分类: | ||
| 主题词: | 药物: 生物制品--制造--化学工业--经济发展--中国--文集 , 药物: 生物制品--制造--化学工业--技术发展--中国--文集 , 药物 , 生物制品 , 制造 , 化学工业 , 经济发展 , 技术发展 | |
| 电子资源: | ||
| ISBN: | 7-03-014334-5 | |
| 000 | 01161nam0 2200337 45 | |
| 001 | 012004000000 | |
| 005 | 20050105150044.26 | |
| 010 | @a7-03-014334-5@dCNY 78.00 | |
| 100 | @a20041110d2004 em y0chiy0121 ea | |
| 101 | 0 | @achi |
| 102 | @aCN@b110000 | |
| 105 | @aak z 000yy | |
| 200 | 1 | @a北京生物医药产业发展论坛@Abei jing sheng wu yi yao chan ye fa zhan lun tan@h8@e抉择与突破@f雷震主编 |
| 210 | @a北京@c科学出版社@d2004.9 | |
| 215 | @a328页@c图, 表格@d25cm | |
| 312 | @a封面并列题名: Forum on the development of Beijing biotech,. & pharma, industr: determination & breakthrough | |
| 510 | 1 | @aForum on the development of Beijing biotech,. & pharma, industr@edetermination & breakthrough@zeng |
| 517 | 1 | @a抉择与突破 |
| 606 | 0 | @a药物: 生物制品@x制造@x化学工业@x经济发展@y中国@j文集 |
| 606 | 0 | @a药物: 生物制品@x制造@x化学工业@x技术发展@y中国@j文集 |
| 606 | 0 | @a药物 |
| 606 | 0 | @a生物制品 |
| 606 | 0 | @a制造 |
| 606 | 0 | @a化学工业 |
| 606 | 0 | @a经济发展 |
| 606 | 0 | @a技术发展 |
| 690 | @aF426.7-53@v4 | |
| 690 | @aTQ464-53@v4 | |
| 701 | 0 | @a雷震@Alei zhen@4主编 |
| 801 | 0 | @aCN@bQSSK@c20050105 |
| 905 | @a10447@dF426.7-53@eL079 | |
| 北京生物医药产业发展论坛.8:抉择与突破/雷震主编.-北京:科学出版社,2004.9 |
| 328页:图, 表格;25cm |
| ISBN 7-03-014334-5:CNY 78.00 |
| ● |
| 相关链接 |
|
|
|
正题名:北京生物医药产业发展论坛
索取号:F426.7-53/L079
 
预约/预借
| 序号 | 登录号 | 条形码 | 馆藏地/架位号 | 状态 | 备注 |
| 1 | 434565 | 204345654 | 社科库409/409社科库 36排6列1层/ [索取号:F426.7-53/L079] | 在馆 | |
| 2 | 434566 | 204345663 | 社科二线422/422社科库 11排2列1层/ [索取号:F426.7-53/L079] | 在馆 |